000 01425aaa a2200337 a 4500
999 _c322625
_d322625
003 BLK
005 20250623091955.0
008 180604b bul||||| |||| 00| 0 bul d
020 _a978-619-179-088-3
040 _aBLK
041 _aBUL
_cBUL
072 _9178275
_aН83
_xЧужда художествена литература Н
080 _aТурска литература
_b821.512.161
_x-311.6
_z821.512.161-311.6
100 _aАлтънйелеклиоглу, Демет
_eпърви автор
_91299
139 _aАлтънйелеклиоглу, Демет
_bА 58
245 _aКьосем - Черната кралица
_b роман
_cДемет Алтънйелеклиоглу ; прев. от тур. Марин Загорчев
257 _aTUR
260 _bЛетера
_c2018
_aПловдив
_fПловдив : Полиграф комерс
300 _a640 с.
_c21 см
380 _aX
500 _aОриг. загл. Kosem / Demet Altinyeleklioglu. - Съдържа и за авт.
653 7 _9187884
_aисторически романи
659 7 _9178160
_aН
_xНови книги
700 _91168
_aЗагорчев, Марин Иванов
_eпрев. от тур.
765 _aKosem
_cAltinyeleklioglu, Demet
852 _aЦб 295013
942 _cKNG
_2udc
_n0
_036
999 _d322625
999 _d322625
944 _k30542
_lРусанова Ирена